00856nam a2200217 i 450000100060000000300090000600500170001500700030003200800410003510000350007624501080011125000120021926000450023130000300027659400730030665000340037971000600041385200220047399900170049595201260051269820ES-MaACL20250829124024.0t|040712s1962 sp a |||| | spa d1 aGarcía Hoz, Víctor.95477710aManual de tests para la escuela b: tests de inteligencia y de instrucción / cVíctor García Hoz. a2ª ed. a[Madrid] : bEscuela Española, c1962. a234 p. : bil. ; c22 cm. aPrecede al tít.: Instituto "San José de Calasanz de Pedagogía" aTests de inteligencia.9175192 aInstituto San José de Calasanz de Pedagogía9163009 aES-MaACLjC-22009 c69820d69820 00104070aATENEOMbATENEOMcGaleríad2008-01-17eSCl0oC-22009p1073110r2023-02-23 00:00:00w2023-02-23yMONOGRAFIA